00421nam a22001457a 4500008004100000040001800041041000800059100001600067245005800083260004600141300001800187500003400205650001300239650002300252130821s1890 fr gr fre  aCo-BoUCMbspa00afre aLerosey, A.00aHistoire et symbolisme de la liturgiecPar A. Lerosey aParís (Francia)bBerche et Tralinc1890 a662 páginas aIncluye índice alfabético04aLiturgia04aLiturgiaxHistoria